| 000 | 01177nam0a22002411 4500 | ||
|---|---|---|---|
| 001 | rc\503578 | ||
| 005 | 20250621111535.0 | ||
| 035 | _a(NLR Aleph) 005744408 | ||
| 090 |
_a4773310 _c4773310 |
||
| 100 | _a20030616d1987 |||y0rusy50 ca | ||
| 101 | 0 | _arus | |
| 102 | _aRU | ||
| 105 | _ay ||||||||| | ||
| 200 | 1 |
_aОпыт работы коллектива управления рабочего снабжения Главкубаньрисстроя - победителя во Всесоюзном социалистическом соревновании _fИ.И. Выклюк, Н.В. Головка, М.И. Лозновенко _gВДНХ СССР. Павильон "Мелиорация и вод. хоз-во", М-во мелиорации и вод. хоз-ва СССР. [ЦБНТИ] |
|
| 210 |
_aМ. _cЦБНТИ Минводхоза СССР _d1987 |
||
| 215 |
_a6 с. _d20 |
||
| 225 | 1 | _aПравофланговые социалистические соревнования двенадцатой пятилетки | |
| 700 | 1 |
_aВыклюк _bИ.И. |
|
| 801 | 0 |
_aRU _bNLR _gpsbo |
|
| 801 | 1 |
_aRU _bELAR _2rusmarc |
|
| 852 |
_aNLR _j88-4/15857 |
||
| 942 | _cBOOK | ||
| 980 | _aNB | ||